Toupa hon pi dan : (Record no. 10933)

MARC details
000 -LEADER
fixed length control field 00437nam a22001577a 4500
003 - CONTROL NUMBER IDENTIFIER
control field GBCCL
005 - DATE AND TIME OF LATEST TRANSACTION
control field 20250903151142.0
008 - FIXED-LENGTH DATA ELEMENTS--GENERAL INFORMATION
fixed length control field 250903b |||||||| |||| 00| 0 eng d
040 ## - CATALOGING SOURCE
Transcribing agency GBC
082 ## - DEWEY DECIMAL CLASSIFICATION NUMBER
Classification number SOU TOU
Item number 2024
245 ## - TITLE STATEMENT
Title Toupa hon pi dan :
Remainder of title EBC Lamka South Division souvenir 2024
260 ## - PUBLICATION, DISTRIBUTION, ETC.
Place of publication, distribution, etc. New Lamka :
Name of publisher, distributor, etc. Division executive committe, LSD ,
Date of publication, distribution, etc. 2024
300 ## - PHYSICAL DESCRIPTION
Extent 200P.
650 ## - SUBJECT ADDED ENTRY--TOPICAL TERM
Topical term or geographic name entry element Souvenir
Form subdivision EBC Lsd
942 ## - ADDED ENTRY ELEMENTS (KOHA)
Source of classification or shelving scheme Dewey Decimal Classification
Koha item type Archives
Suppress in OPAC No
Holdings
Withdrawn status Lost status Source of classification or shelving scheme Damaged status Not for loan Home library Current Library Shelving location Date acquired Total checkouts Full call number Barcode Date last seen Copy number Price effective from Koha item type
    Dewey Decimal Classification     GRACE BIBLE COLLEGE GRACE BIBLE COLLEGE Archives 2025-09-03   SOU TOU 2024 250301 2025-09-03 c.1 2025-09-03 Archives
    Dewey Decimal Classification     GRACE BIBLE COLLEGE GRACE BIBLE COLLEGE Archives 2025-09-03   SOU TOU 2024 250302 2025-09-03 c.2 2025-09-03 Archives
    Dewey Decimal Classification     GRACE BIBLE COLLEGE GRACE BIBLE COLLEGE Archives 2025-09-03   SOU TOU 2024 250303 2025-09-03 c.3 2025-09-03 Archives
    Dewey Decimal Classification     GRACE BIBLE COLLEGE GRACE BIBLE COLLEGE Archives 2025-09-03   SOU TOU 2024 250304 2026-02-24 c.4 2025-09-03 Archives
    Dewey Decimal Classification     GRACE BIBLE COLLEGE GRACE BIBLE COLLEGE Archives 2025-09-03   SOU TOU 2024 250305 2025-09-03 c.5 2025-09-03 Archives
    Dewey Decimal Classification     GRACE BIBLE COLLEGE GRACE BIBLE COLLEGE Archives 2025-09-03   SOU TOU 2024 250306 2025-09-03 c.6 2025-09-03 Archives
    Dewey Decimal Classification     GRACE BIBLE COLLEGE GRACE BIBLE COLLEGE Archives 2025-09-03   SOU TOU 2024 250307 2025-09-03 c.7 2025-09-03 Archives
    Dewey Decimal Classification     GRACE BIBLE COLLEGE GRACE BIBLE COLLEGE Archives 2025-09-03   SOU TOU 2024 250308 2026-03-19 c.8 2025-09-03 Archives
    Dewey Decimal Classification     GRACE BIBLE COLLEGE GRACE BIBLE COLLEGE Archives 2025-09-03   SOU TOU 2024 250309 2025-09-03 c.9 2025-09-03 Archives
    Dewey Decimal Classification     GRACE BIBLE COLLEGE GRACE BIBLE COLLEGE Archives 2025-09-03   SOU TOU 2024 250310 2025-09-03 c.10 2025-09-03 Archives
    Dewey Decimal Classification     GRACE BIBLE COLLEGE GRACE BIBLE COLLEGE Archives 2025-09-03   SOU TOU 2024 250311 2025-09-03 c.11 2025-09-03 Archives
    Dewey Decimal Classification     GRACE BIBLE COLLEGE GRACE BIBLE COLLEGE Archives 2025-09-03   SOU TOU 2024 250312 2025-09-03 c.12 2025-09-03 Archives
© Grace Bible College Library 2025